书目信息 |
| 题名: |
应用性本科教育导论
|
|
| 作者: | 高林 | |
| 分册: | ||
| 出版信息: | 北京 科学出版社 2006 |
|
| 页数: | 251 | |
| 开本: | 23cm | |
| 丛书名: | 应用性高等教育课程研究丛书 | |
| 单 册: | ||
| 中图分类: | G | |
| 科图分类: | ||
| 主题词: | 文化 , 科学 , 教育 , 体育 | |
| 电子资源: | ||
| ISBN: | 7-03-017864-0 | |
| 000 | 00647nam0 2200241 450 | |
| 001 | 0736775523 | |
| 005 | 20070929101255.51 | |
| 010 | @a7-03-017864-0@d¥36.00 | |
| 100 | @a20070929d km y0chiy0120 ea | |
| 101 | 0 | @achi |
| 200 | 1 | @a应用性本科教育导论@Aying yong xing ben ke jiao yu dao lun@f高林等@Fgao lin deng |
| 210 | @a北京@c科学出版社@d2006 | |
| 215 | @a251@d23cm | |
| 225 | 2 | @a应用性高等教育课程研究丛书 |
| 410 | 0 | @12001 @a应用性高等教育课程研究丛书 |
| 606 | 0 | @a文化 |
| 606 | 0 | @a科学 |
| 606 | 0 | @a教育 |
| 606 | 0 | @a体育 |
| 690 | @aG@v3 | |
| 701 | 0 | @a高林@Agao lin |
| 801 | 0 | @aCN@bPFT@c20070929 |
| 905 | @a213230@dG@en3@f1 | |
| 应用性本科教育导论/高林等.-北京:科学出版社,2006 |
| 251;23cm.-(应用性高等教育课程研究丛书) |
| ISBN 7-03-017864-0:¥36.00 |
| ● |
| 相关链接 |
|
|
|
|
正题名:应用性本科教育导论
索取号:G/n3
 
预约/预借
| 序号 | 登录号 | 条形码 | 馆藏地/架位号 | 状态 | 备注 |
| 1 | 6602437 | 266024385 | 密集书库-生命科学系/ [索取号:G/n3] | 在馆 |